[Event "Lund Lask op"]
[Site "Lund"]
[Date "2016.11.22"]
[Round "6"]
[White "Nord, Alexander"]
[Black "Alsafar, Ala"]
[Result "1/2-1/2"]
[WhiteElo "1617"]
[BlackElo "1686"]
[PlyCount "47"]
[EventDate "2016.10.04"]
[EventType "swiss"]
[EventRounds "7"]
[EventCountry "SWE"]
[SourceTitle "EXT 2019"]
[Source "ChessBase"]
[SourceDate "2018.10.10"]
[SourceVersion "1"]
[SourceVersionDate "2018.10.10"]
[SourceQuality "1"]

1. e4 c5 2. Nf3 Nc6 3. d4 cxd4 4. Nxd4 e5 5. Nb5 d6 6. N1c3 a6 7. Na3 Nf6 8. Bg5 Be7 9. Bxf6 Bxf6 10. Nd5 0-0 11. c3 b5 12. Nc2 Bg5 13. Nce3 f5 14. exf5 Bxf5 15. Nxf5 Rxf5 16. Bd3 Rf8 17. 0-0 g6 18. Be4 Rb8 19. Qg4 Kg7 20. Qe2 Rf7 21. Rad1 Qf8 22. Qd3 Rd8 23. a3 Ne7 24. Nxe7 1/2-1/2